000 02349cam a22005294i 4500
003 PE-LiUPU
005 20250731165500.0
008 150623s r 000 0 d
020 _a8420622087
035 _a(Sirsi) i9788420622088
040 _aPE-LiUPU
_bspa
_cPE-LiUPU
_erda
049 _aPRUA
082 0 4 _a003
_bT88
_221
100 1 _aBertalanffy, Ludwig von,
_eautor.
245 1 0 _aTendencias en la teoría general de sistemas /
_cL. von Bertalanffy, W. Ross Ashby, G.M. Weinberg y otros ; selección y prólogo de George J. Klir ; versión española de Álvaro Delgado y Andrés Ortega.
264 1 _aMadrid :
_bAlianza Universidad,
_c1987.
300 _a323 páginas ;
_c20 centímetros
336 _atext
_2rdacontent
337 _aunmediated
_2rdamedia
338 _avolume
_2rdacarrier
490 0 _aCiencias
504 _aIncluye bibliografía.
505 0 _aTeoría polifónica general de sistemas. -Historia y situación de la teoría general de sistemas. -Los usos del isomorfismo matemático en la teoría general de sistemas. -Sistemas y sus medidas de información. -Una aproximación por computadores a la teoría general de sistemas. -La base jerárquica por los sistemas generales vivientes. -La epistemología, vista a través de la teoría de sistemas. -Sobre un enfoque de la teoría general de sistemas. -Las matemáticas y la teoría de sistemas. -Epílogo. El futuro del pasado. Estimación de tendencias según la teoría de sistemas.
526 _aSEG44
526 _aSEG26
526 _aP151
526 _aP150
526 _aP149
526 _aP146
526 _aP145
526 _aP126
526 _aP125
526 _aP92
526 _aP75
526 _aP74
526 _aP27
526 _aP15
650 0 4 _aSistemas, Teoría de.
700 1 _aRoss Ashby, W.,
_eautor.
700 1 _aWeinberg, G. M.,
_eautor.
942 _2ddc
_cBOOK
949 _a003 T88
_wDEWEY
_c1
_i46028
_d2016-3-27
_e2016-3-22
_lCCODEBUL1
_mBUL
_n1
_r0
_sY
_tBOOK
_u2015-6-24
_xINGENIERIA
_zUNKNOWN
_0COMPRA
_o.STAFF. Colección General
994 _aC0
_bPEPRU
596 _a1
999 _a003 T88
_wDEWEY
_c22811
_i46028
_d22811
_e2019-3-8
_f2021-11-9
_g7
_lCCODEBUL1
_mBUL
_n3
_q2
_r0
_sY
_tBOOK
_u2015-6-24
_xINGENIERIA
_zUNKNOWN
_0COMPRA
_o.STAFF. Colección General
980 _81
_gALBERTO SANCHEZ Responsable de Automatización